[Event "Krefeld op"]
[Site "Krefeld"]
[Date "2022.08.08"]
[Round "8"]
[White "Huckebrink, Chris"]
[Black "Keller, Peter1111"]
[Result "1/2-1/2"]
[WhiteElo "2055"]
[BlackElo "2377"]
[PlyCount "80"]
[EventDate "2022.08.04"]
[EventType "swiss"]
[EventRounds "9"]
[EventCountry "GER"]
[SourceTitle "CBM 209 Extra"]
[Source "ChessBase"]
[SourceDate "2022.09.30"]
[SourceVersion "1"]
[SourceVersionDate "2022.09.30"]
[SourceQuality "1"]

1. e4 e5 2. Bc4 Nf6 3. Nc3 Nc6 4. d3 Bc5 5. Nf3 a6 6. a3 d6 7. Be3 Bxe3 8. fxe3 0-0 9. 0-0 Ne7 10. Nh4 c6 11. Bb3 Ng6 12. Nxg6 hxg6 13. Qf3 Qe7 14. Qg3 Be6 15. Bxe6 Qxe6 16. Qh4 Ng4 17. Rf3 f5 18. h3 Nh6 19. Raf1 b5 20. d4 Rf7 21. d5 cxd5 22. Nxd5 Rc8 23. Nc3 Rd7 24. Rd1 Rc4 25. exf5 gxf5 26. Qh5 d5 27. Rg3 Rc6 28. Na2 a5 29. c3 Kh7 30. Nc1 b4 31. axb4 axb4 32. cxb4 g6 33. Qe2 e4 34. Nb3 Qe5 35. Nd4 Rc4 36. Qe1 Rb7 37. b5 Nf7 38. Qf2 Qf6 39. h4 Nd6 40. Qf4 Rg7 1/2-1/2

[Event "NRW Class1 1516"]
[Site "Germany"]
[Date "2015.10.25"]
[Round "2.2"]
[White "Wessendorf, Thomas"]
[Black "Huckebrink, Chris"]
[Result "1-0"]
[WhiteElo "2225"]
[BlackElo "2108"]
[PlyCount "57"]
[EventDate "2015.09.27"]
[EventType "team-tourn"]
[EventRounds "9"]
[EventCountry "GER"]
[SourceTitle "EXT 2017"]
[Source "ChessBase"]
[SourceDate "2016.10.25"]
[SourceVersion "1"]
[SourceVersionDate "2016.10.25"]
[SourceQuality "1"]
[WhiteTeam "Katernberg II"]
[BlackTeam "Kamen"]
[WhiteTeamCountry "GER"]
[BlackTeamCountry "GER"]

1. e4 e6 2. d4 d5 3. Nd2 dxe4 4. Nxe4 Nd7 5. Nf3 Ngf6 6. Nxf6+ Nxf6 7. Bg5 Be7 8. Bd3 0-0 9. Qe2 Nd5 10. h4 c5 11. 0-0-0 cxd4 12. Qe4 f5 13. Qxd4 Bf6 14. Bxf6 Qxf6 15. Bc4 Nb6 16. Bb3 Bd7 17. Rhe1 Rad8 18. Ng5 Kh8 19. Qxf6 gxf6 20. Nxe6 Bxe6 21. Rxd8 Rxd8 22. Rxe6 Nc8 23. Rxf6 Nd6 24. h5 Kg7 25. Re6 Ne4 26. h6+ Kh8 27. f3 Ng3 28. Bd5 b6 29. c4 1-0

[Event "Unna op"]
[Site "Unna"]
[Date "2014.12.30"]
[Round "7"]
[White "Huckebrink, Chris"]
[Black "Georg, Heinz"]
[Result "1/2-1/2"]
[WhiteElo "2053"]
[BlackElo "2160"]
[PlyCount "123"]
[EventDate "2014.12.27"]
[EventType "swiss"]
[EventRounds "7"]
[EventCountry "GER"]
[SourceTitle "CBM 164 Extra"]
[Source "ChessBase"]
[SourceDate "2015.03.02"]
[SourceVersion "1"]
[SourceVersionDate "2015.03.02"]
[SourceQuality "1"]

1. e4 e5 2. Nf3 Nc6 3. d4 exd4 4. Nxd4 Nf6 5. Nxc6 bxc6 6. Bd3 d5 7. exd5 cxd5 8. 0-0 Be7 9. b3 0-0 10. Bb2 h6 11. Qf3 Re8 12. Nc3 Bg4 13. Qg3 Bd6 14. Qh4 Qd7 15. Nd1 Be5 16. Bxe5 Rxe5 17. Ne3 Rae8 18. Nxg4 Qxg4 19. Qxg4 Nxg4 20. Bb5 R8e7 21. Rfd1 Nf6 22. f3 c6 23. Bf1 Kf8 24. b4 Rb7 25. Rab1 Ke7 26. a4 Kd6 27. Kf2 Rh5 28. g4 Rxh2+ 29. Bg2 g5 30. c4 h5 31. c5+ Kc7 32. Kg3 Rh4 33. Rd4 hxg4 34. fxg4 Nh5+ 35. Kf3 Nf4 36. Bf1 Ne6 37. Rdd1 f5 38. gxf5 Nd4+ 39. Kf2 Rf4+ 40. Kg1 Nxf5 41. b5 Ne3 42. Rd3 Rxf1+ 43. Rxf1 Nxf1 44. Kxf1 Rb8 45. Rd4 Kd7 46. Ke2 Ke6 47. Rb4 cxb5 48. axb5 Ke5 49. b6 axb6 50. cxb6 Kd6 51. Kd3 Kc5 52. Rg4 Rxb6 53. Rxg5 Rb3+ 54. Kd2 Kc4 55. Rg8 Rb2+ 56. Kd1 d4 57. Rg3 Rh2 58. Rf3 Rh4 59. Rg3 Kd5 60. Kd2 Ke4 61. Ra3 Rh2+ 62. Kd1 1/2-1/2

[Event "Dortmund Sparkassen op-A"]
[Site "Dortmund"]
[Date "2013.08.01"]
[Round "6"]
[White "Kartsev, Alexandr"]
[Black "Huckebrink, Chris"]
[Result "1/2-1/2"]
[WhiteElo "2247"]
[BlackElo "2034"]
[PlyCount "66"]
[EventDate "2013.07.27"]
[EventType "swiss"]
[EventRounds "9"]
[EventCountry "GER"]
[SourceTitle "CBM 155 Extra"]
[Source "ChessBase"]
[SourceDate "2013.08.26"]
[SourceVersion "1"]
[SourceVersionDate "2013.08.26"]
[SourceQuality "1"]

1. e4 c5 2. c3 Nf6 3. e5 Nd5 4. d4 cxd4 5. Nf3 Nc6 6. cxd4 d6 7. Bc4 Nb6 8. Bb5 dxe5 9. Nxe5 Bd7 10. Nxd7 Qxd7 11. Nc3 a6 12. Bxc6 Qxc6 13. 0-0 e6 14. Qg4 Nd5 15. Bd2 Nxc3 16. Bxc3 Rd8 17. f4 f5 18. Qg5 Rd5 19. Rac1 Qd7 20. Rfe1 Kf7 21. Re5 Be7 22. Qh5+ g6 23. Qf3 Bf6 24. Rxd5 Qxd5 25. Qxd5 exd5 26. Kf2 Re8 27. Kf3 Re4 28. Rd1 Ke6 29. g3 Kd7 30. b3 Kc6 31. a3 Kb6 32. Bb2 Kb5 33. Bc3 Kb6 1/2-1/2

[Event "Dortmund Sparkassen op-A"]
[Site "Dortmund"]
[Date "2013.07.31"]
[Round "5"]
[White "Huckebrink, Chris"]
[Black "Kuckling, Hannah"]
[Result "1-0"]
[WhiteElo "2034"]
[BlackElo "1953"]
[PlyCount "101"]
[EventDate "2013.07.27"]
[EventType "swiss"]
[EventRounds "9"]
[EventCountry "GER"]
[SourceTitle "CBM 155 Extra"]
[Source "ChessBase"]
[SourceDate "2013.08.26"]
[SourceVersion "1"]
[SourceVersionDate "2013.08.26"]
[SourceQuality "1"]

1. e4 c5 2. Nf3 e6 3. b3 Nc6 4. Bb2 Qc7 5. d4 cxd4 6. Nxd4 Nf6 7. Nxc6 Qxc6 8. e5 Nd5 9. c3 Nf4 10. f3 Nd5 11. Qd3 Qc7 12. c4 Bb4+ 13. Nd2 Nf4 14. Qe4 Ng6 15. a3 Bxd2+ 16. Kxd2 0-0 17. h4 d5 18. cxd5 exd5 19. Qd4 Be6 20. Rc1 Qd7 21. a4 a6 22. Bd3 Ne7 23. Ba3 Rfc8 24. Bxe7 Qxe7 25. b4 Bd7 26. a5 Bc6 27. f4 Re8 28. g4 Rac8 29. Qc5 Qxc5 30. Rxc5 Bd7 31. g5 Rxc5 32. bxc5 g6 33. Kc3 Kg7 34. h5 Rc8 35. Kd4 Be6 36. f5 gxf5 37. Rf1 h6 38. gxh6+ Kxh6 39. Bxf5 Bxf5 40. Rxf5 Kg7 41. h6+ Kxh6 42. Rxf7 Kg6 43. Rxb7 Kf5 44. Rf7+ Kg5 45. Kxd5 Rd8+ 46. Kc6 Re8 47. Kd6 Rd8+ 48. Rd7 Rb8 49. c6 Rb1 50. c7 Rc1 51. Rd8 1-0

[Event "Ruhrgebiet Regionalliga 1112"]
[Site "Nordrheinwestfalen"]
[Date "2012.05.06"]
[Round "9.8"]
[White "Huckebrink, Chris"]
[Black "Fistoul, Boris"]
[Result "1-0"]
[WhiteElo "1935"]
[BlackElo "1632"]
[PlyCount "93"]
[EventDate "2011.09.25"]
[EventType "team-tourn"]
[EventRounds "9"]
[EventCountry "GER"]
[SourceTitle "EXT 2020"]
[Source "ChessBase"]
[SourceDate "2019.10.17"]
[SourceVersion "1"]
[SourceVersionDate "2019.10.17"]
[SourceQuality "1"]
[WhiteTeam "Ahlen SV"]
[BlackTeam "Bochum SG III"]
[WhiteTeamCountry "GER"]
[BlackTeamCountry "GER"]

1. e4 e6 2. d4 b6 3. Bd3 Bb7 4. Nf3 Nf6 5. Qe2 d5 6. e5 Ne4 7. Nbd2 Nxd2 8. Bxd2 c5 9. c3 Nc6 10. 0-0 Be7 11. a3 c4 12. Bc2 Na5 13. Be3 Qd7 14. Nd2 Ba6 15. Qg4 g6 16. f4 0-0-0 17. f5 Kb8 18. fxe6 fxe6 19. Rf7 Rdf8 20. Raf1 Nc6 21. Bg5 Rxf7 22. Rxf7 Qe8 23. Rf2 Bxg5 24. Qxg5 Rf8 25. Rf6 Ka8 26. Nf3 Nb8 27. Rxf8 Qxf8 28. Qf6 Qe8 29. a4 Bc8 30. Ng5 b5 31. Nxh7 bxa4 32. Bxg6 Qb5 33. Qf2 a3 34. bxa3 Qb3 35. Qc2 Qxa3 36. h4 Qe7 37. h5 Nd7 38. Qf2 Kb7 39. Nf6 Qa3 40. Qd2 Qa1+ 41. Kh2 Qf1 42. Nxd7 Bxd7 43. h6 Qf8 44. h7 Be8 45. Bxe8 Qxe8 46. Qh6 Kc6 47. h8Q 1-0

[Event "Moehnesee Cup-A 37th"]
[Site "Moehnesee"]
[Date "2011.09.01"]
[Round "1"]
[White "Effertz, Josef"]
[Black "Huckebrink, Chris"]
[Result "0-1"]
[WhiteElo "2037"]
[BlackElo "1778"]
[PlyCount "66"]
[EventDate "2011.09.01"]
[EventType "swiss"]
[EventRounds "7"]
[EventCountry "GER"]
[SourceTitle "EXT 2013"]
[Source "ChessBase"]
[SourceDate "2012.11.22"]
[SourceVersion "1"]
[SourceVersionDate "2012.11.22"]
[SourceQuality "1"]

1. e4 c5 2. Nf3 g6 3. Nc3 Bg7 4. g3 Nc6 5. Bg2 Nf6 6. d3 0-0 7. 0-0 Rb8 8. Be3 d6 9. h3 b5 10. Nd2 Nd7 11. Qc1 Nd4 12. Re1 e6 13. Ne2 Nxe2+ 14. Rxe2 Bb7 15. Nf1 Re8 16. c3 f5 17. f4 d5 18. e5 a5 19. Nd2 Ba6 20. Nf3 Qe7 21. Rd2 Rec8 22. Qd1 Nb6 23. b3 Bb7 24. a4 bxa4 25. bxa4 Bc6 26. Rb2 Bf8 27. Bf1 Qe8 28. Nd2 Nxa4 29. Rxb8 Rxb8 30. Nb3 Nxc3 31. Qc2 d4 32. Nxa5 Ra8 33. Bd2 Ba4 0-1

[Event "Muelheim op 3rd"]
[Site "Muelheim"]
[Date "2011.08.07"]
[Round "6"]
[White "Huckebrink, Chris"]
[Black "Walter, Andreas"]
[Result "0-1"]
[WhiteElo "1778"]
[BlackElo "1884"]
[PlyCount "134"]
[EventDate "2011.08.04"]
[EventType "swiss"]
[EventRounds "7"]
[EventCountry "GER"]
[SourceTitle "CBM 143 Extra"]
[Source "ChessBase"]
[SourceDate "2011.08.29"]
[SourceVersion "1"]
[SourceVersionDate "2011.08.29"]
[SourceQuality "1"]

1. Nf3 d5 2. d4 Nf6 3. c4 c6 4. Nc3 e6 5. Bg5 dxc4 6. e3 b5 7. a4 Bb4 8. Qc2 a6 9. Be2 Bb7 10. 0-0 Nbd7 11. Ne5 Qb6 12. Ng4 Be7 13. Rad1 0-0 14. e4 Rfe8 15. h4 Nxg4 16. Bxg4 Bxg5 17. hxg5 c5 18. d5 Ne5 19. Be2 b4 20. Nb1 a5 21. Kh2 exd5 22. exd5 Rad8 23. Nd2 Bxd5 24. Nxc4 Nxc4 25. Bxc4 Qc6 26. Bb5 Qc7+ 27. Kg1 Rf8 28. Rc1 Qf4 29. Qxc5 Qxg5 30. f3 Qf6 31. Rf2 Be6 32. Qb6 Qf4 33. Re1 Ra8 34. Rfe2 Qb8 35. Qf2 Rd8 36. Re5 Qd6 37. Qe3 Qd2 38. Bc6 Rac8 39. Qxd2 Rxd2 40. Rxa5 g6 41. Rc5 Rxb2 42. Rec1 Ra2 43. a5 b3 44. Rb1 Bd7 45. Rxb3 Rxc6 46. Rxc6 Bxc6 47. Rc3 Bd5 48. Rc5 Be6 49. Kh2 Kf8 50. f4 Ke7 51. Kg3 Kd6 52. Rb5 Kc6 53. Rb8 Rxa5 54. Kh4 h5 55. Rd8 Ra2 56. Kg3 Bd5 57. Kh3 Bxg2+ 58. Kh4 Bd5 59. Kh3 Be6+ 60. Kh4 Rg2 61. f5 Rg4+ 62. Kh3 Bxf5 63. Kh2 Bd7 64. Rf8 Rf4 65. Kg3 Rf5 66. Ra8 Kd6 67. Kg2 Bc6+ 0-1

[Event "Muelheim op 3rd"]
[Site "Muelheim"]
[Date "2011.08.06"]
[Round "2"]
[White "Huckebrink, Chris"]
[Black "Ciornei, Dragos"]
[Result "1/2-1/2"]
[WhiteElo "1778"]
[BlackElo "2182"]
[PlyCount "61"]
[EventDate "2011.08.04"]
[EventType "swiss"]
[EventRounds "7"]
[EventCountry "GER"]
[SourceTitle "CBM 143 Extra"]
[Source "ChessBase"]
[SourceDate "2011.08.29"]
[SourceVersion "1"]
[SourceVersionDate "2011.08.29"]
[SourceQuality "1"]

1. Nf3 Nf6 2. g3 g6 3. Bg2 Bg7 4. 0-0 0-0 5. d3 d6 6. Nbd2 c5 7. c3 Nc6 8. Re1 Nd7 9. Qc2 Rb8 10. Rb1 b5 11. b4 cxb4 12. cxb4 Bb7 13. a4 a6 14. a5 Rc8 15. Qb3 Rc7 16. Bb2 Bxb2 17. Qxb2 Qa8 18. Rbc1 Rfc8 19. Rc2 Nce5 20. Rec1 Rxc2 21. Rxc2 Nxf3+ 22. Bxf3 Ne5 23. Rxc8+ Qxc8 24. Bxb7 Qxb7 25. Nb3 h5 26. f3 Qd5 27. Qc3 Qb7 28. Qb2 Qc8 29. Kg2 Qb7 30. Kg1 Qc8 31. Kg2 1/2-1/2

[Event "Dortmund Sparkassen op-B"]
[Site "Dortmund"]
[Date "2010.07.25"]
[Round "9"]
[White "Huckebrink, Chris"]
[Black "Krebs, Hans Joachim"]
[Result "1-0"]
[WhiteElo "1778"]
[BlackElo "1618"]
[PlyCount "45"]
[EventDate "2010.07.17"]
[EventType "swiss"]
[EventRounds "9"]
[EventCountry "GER"]
[SourceTitle "EXT 2014"]
[Source "ChessBase"]
[SourceDate "2013.11.20"]
[SourceVersion "1"]
[SourceVersionDate "2013.11.20"]
[SourceQuality "1"]

1. Nf3 Nf6 2. g3 c5 3. Bg2 Nc6 4. 0-0 g6 5. d3 d5 6. Nbd2 e5 7. e4 d4 8. a4 Bh6 9. Nc4 Bxc1 10. Qxc1 Qe7 11. Nfd2 g5 12. f4 gxf4 13. gxf4 exf4 14. e5 Ng4 15. Bxc6+ bxc6 16. Nd6+ Kf8 17. Rxf4 Qxe5 18. N2e4 Nh6 19. Rf6 Ng4 20. Rxf7+ Kg8 21. Qf4 Qxf4 22. Rxf4 Kg7 23. Nxc8 1-0

[Event "Dortmund Sparkassen op-B"]
[Site "Dortmund"]
[Date "2010.07.19"]
[Round "3"]
[White "Begna, Bozidar"]
[Black "Huckebrink, Chris"]
[Result "1-0"]
[WhiteElo "2118"]
[BlackElo "1778"]
[PlyCount "83"]
[EventDate "2010.07.17"]
[EventType "swiss"]
[EventRounds "9"]
[EventCountry "GER"]
[SourceTitle "EXT 2014"]
[Source "ChessBase"]
[SourceDate "2013.11.20"]
[SourceVersion "1"]
[SourceVersionDate "2013.11.20"]
[SourceQuality "1"]

1. e4 c5 2. Nf3 d6 3. Bb5+ Bd7 4. Bxd7+ Nxd7 5. d4 g6 6. 0-0 Bg7 7. c3 Ngf6 8. Re1 0-0 9. Bg5 h6 10. Bh4 Re8 11. Na3 Qc7 12. Qb3 a6 13. e5 dxe5 14. dxe5 Nh5 15. e6 fxe6 16. Qxe6+ Kh7 17. Bg3 Nxg3 18. hxg3 Nf6 19. Nc4 Qc8 20. Qf7 Rf8 21. Qxe7 Re8 22. Qd6 Rd8 23. Qf4 Nd5 24. Qf7 Rd7 25. Qe6 Qc6 26. Qxc6 bxc6 27. Re6 Rc7 28. Rae1 Nf6 29. Nfe5 Rd8 30. Nxc6 Rd5 31. N6a5 Rf7 32. Rxa6 Ng4 33. f3 Be5 34. Nxe5 Nxe5 35. c4 Nd3 36. cxd5 Nxe1 37. Nc4 Nc2 38. d6 Nb4 39. Ra8 Rd7 40. Re8 Nc6 41. Rc8 h5 42. Rxc6 1-0

[Event "GER-chT U12"]
[Site "Arendsee"]
[Date "2009.12.28"]
[Round "3.1"]
[White "Deguenther, Julius"]
[Black "Huckebrink, Chris"]
[Result "0-1"]
[WhiteElo "1247"]
[BlackElo "1711"]
[PlyCount "88"]
[EventDate "2009.12.27"]
[EventType "team-swiss"]
[EventRounds "7"]
[EventCountry "GER"]
[SourceTitle "EXT 2022"]
[Source "ChessBase"]
[SourceDate "2021.10.06"]
[SourceVersion "1"]
[SourceVersionDate "2021.10.06"]
[SourceQuality "1"]
[WhiteTeam "Unterkochen U12"]
[BlackTeam "Ahlen SV U12"]
[WhiteTeamCountry "GER"]
[BlackTeamCountry "GER"]

1. e4 c5 2. d3 Nc6 3. Nf3 g6 4. g3 Bg7 5. c3 e6 6. Nbd2 Nge7 7. Bg2 0-0 8. 0-0 d6 9. Qe2 Rb8 10. Re1 b5 11. Nf1 a5 12. Be3 b4 13. c4 a4 14. Rab1 e5 15. h3 f6 16. Kh2 Be6 17. Ng1 Nd4 18. Bxd4 cxd4 19. Nd2 f5 20. exf5 gxf5 21. f3 d5 22. cxd5 Bxd5 23. b3 axb3 24. axb3 Bh6 25. Nc4 Bxc4 26. bxc4 Be3 27. Qd1 f4 28. g4 Qb6 29. Rb3 Ra8 30. Ne2 Nc6 31. Qc2 Na5 32. Rbb1 b3 33. Qd1 Qb4 34. Rf1 Rfb8 35. Rb2 Nc6 36. Qb1 Bd2 37. Qd1 Bc3 38. Rb1 Ra2 39. Nc1 Ra3 40. Ne2 Rba8 41. h4 b2 42. Nxc3 dxc3 43. Qe2 Qb3 44. Rxb2 Qxb2 0-1

[Event "Dortmund op-B"]
[Site "Dortmund"]
[Date "2009.07.05"]
[Round "2"]
[White "Huckebrink, Chris"]
[Black "Bieberle, Gerhart"]
[Result "1/2-1/2"]
[WhiteElo "1537"]
[BlackElo "1750"]
[PlyCount "139"]
[EventDate "2009.07.04"]
[EventType "swiss"]
[EventRounds "9"]
[EventCountry "GER"]
[SourceTitle "EXT 2012"]
[Source "ChessBase"]
[SourceDate "2011.11.24"]
[SourceVersion "1"]
[SourceVersionDate "2011.11.24"]
[SourceQuality "1"]

1. d4 d5 2. Nf3 Bf5 3. Bf4 Nf6 4. Nbd2 Nh5 5. Bg3 Nxg3 6. hxg3 Nd7 7. Nh4 Be6 8. e3 a6 9. Bd3 c5 10. c3 c4 11. Bc2 Nf6 12. e4 dxe4 13. Nxe4 Nxe4 14. Bxe4 Bd5 15. Qf3 Bxe4 16. Qxe4 Qc7 17. Nf3 g6 18. Qe5 Qxe5+ 19. Nxe5 Rc8 20. 0-0-0 Bg7 21. Ng4 h5 22. Ne3 b5 23. g4 b4 24. gxh5 bxc3 25. bxc3 gxh5 26. Nf5 Bf6 27. Rde1 Kd7 28. Ng3 Bg5+ 29. Kb2 h4 30. Ne4 Rcg8 31. Nc5+ Kd6 32. Nxa6 Ra8 33. Nb4 Bf6 34. Rb1 Rhg8 35. Rhg1 Rg4 36. g3 Rag8 37. a4 hxg3 38. Rxg3 Rxg3 39. fxg3 Rxg3 40. Rf1 Rg2+ 41. Kb1 Rg3 42. Na2 Rg8 43. Rf5 Ra8 44. a5 Bh4 45. Nb4 e6 46. Rc5 f5 47. Rc6+ Kd7 48. a6 Be7 49. Rb6 Bxb4 50. cxb4 f4 51. b5 f3 52. Rb7+ Ke8 53. Rh7 f2 54. Rh1 Rb8 55. Kc2 Rxb5 56. Rf1 Ra5 57. Kc3 Rxa6 58. Rxf2 Rc6 59. Rc2 Kd7 60. Kb4 Kd6 61. Rxc4 Rb6+ 62. Kc3 Rb1 63. Rb4 Rc1+ 64. Kd2 Rc6 65. Rb5 Ra6 66. Rb3 Kd5 67. Kd3 Ra5 68. Rc3 Rb5 69. Ra3 e5 70. dxe5 1/2-1/2

[Event "GER-ch U12"]
[Site "Willingen"]
[Date "2009.06.03"]
[Round "6"]
[White "Huckebrink, Chris"]
[Black "Nitzsche, Pia"]
[Result "1-0"]
[WhiteElo "1489"]
[BlackElo "1350"]
[PlyCount "75"]
[EventDate "2009.05.30"]
[EventType "swiss"]
[EventRounds "11"]
[EventCountry "GER"]
[SourceTitle "EXT 2010"]
[Source "ChessBase"]
[SourceDate "2010.11.25"]
[SourceVersion "1"]
[SourceVersionDate "2010.11.25"]
[SourceQuality "1"]

1. e4 c5 2. Nf3 d6 3. d4 cxd4 4. Nxd4 Nf6 5. Nc3 g6 6. f3 Bg7 7. Be3 0-0 8. Qd2 Nc6 9. 0-0-0 d5 10. Nxc6 bxc6 11. exd5 cxd5 12. Nxd5 Nxd5 13. Qxd5 Qc7 14. Qc5 Qb7 15. Bd4 Bh6+ 16. Kb1 Rd8 17. Bc4 e6 18. Qe5 f6 19. Bxe6+ Bxe6 20. Qxe6+ Qf7 21. Qxf6 Qxf6 22. Bxf6 Rxd1+ 23. Rxd1 Kf7 24. Rd8 Rxd8 25. Bxd8 Ke6 26. Bc7 Kf5 27. g4+ Kg5 28. Bg3 Bf8 29. c4 Bc5 30. Kc2 Be3 31. Kd3 Bb6 32. Ke4 h5 33. h4+ Kf6 34. Kd5 hxg4 35. fxg4 g5 36. Be5+ Kg6 37. h5+ Kh6 38. Bd4 1-0

[Event "GER-ch U12"]
[Site "Willingen"]
[Date "2009.06.01"]
[Round "4"]
[White "Huckebrink, Chris"]
[Black "Grigorian, Spartak"]
[Result "1/2-1/2"]
[WhiteElo "1489"]
[BlackElo "1765"]
[PlyCount "106"]
[EventDate "2009.05.30"]
[EventType "swiss"]
[EventRounds "11"]
[EventCountry "GER"]
[SourceTitle "EXT 2010"]
[Source "ChessBase"]
[SourceDate "2010.11.25"]
[SourceVersion "1"]
[SourceVersionDate "2010.11.25"]
[SourceQuality "1"]

1. f4 g6 2. Nf3 Bg7 3. e4 c5 4. c3 d5 5. Bb5+ Bd7 6. Bxd7+ Qxd7 7. d3 Nc6 8. 0-0 e5 9. fxe5 Nxe5 10. Nxe5 Bxe5 11. d4 cxd4 12. cxd4 Bg7 13. e5 Ne7 14. Bg5 0-0 15. Bf6 Nf5 16. Bxg7 Kxg7 17. Qd2 h5 18. Na3 Rac8 19. Nb5 Ng3 20. hxg3 Qxb5 21. Rac1 Qd7 22. Rxc8 Rxc8 23. Rc1 Rxc1+ 24. Qxc1 Qa4 25. Qg5 Qxd4+ 26. Kh2 Qf2 27. Qe7 Qxb2 28. Qf6+ Kg8 29. Qd8+ Kh7 30. Qxd5 Kg7 31. e6 fxe6 32. Qxe6 Qf6 33. Qd7+ Qf7 34. Qd4+ Kh7 35. Qxa7 Qc7 36. Qf2 Qd7 37. Qf3 b5 38. Kg1 Qd4+ 39. Kh2 Qc4 40. Qb7+ Kh6 41. a3 Qd3 42. Qb8 Qf5 43. Qh8+ Kg5 44. Qd8+ Qf6 45. Qd5+ Qf5 46. Qd8+ Kh6 47. Qh8+ Kg5 48. Qd8+ Qf6 49. Qd5+ Qf5 50. Qd8+ Qf6 51. Qd5+ Qf5 52. Qd8+ Qf6 53. Qd5+ Qf5 1/2-1/2